000 005030000a22001930004500
999 _c48999
_d48999
001 1845
003 CO-MdFUSB
005 20171003145657.0
008 171003b xxu||||| |||| 00| 0 eng d
020 _a1-931471-12-6
040 _cCO-MdBIC
082 0 4 _a868HC So13hd
110 1 _aSociedades Bíblicas Unidasd
245 1 0 _aLa historia de David / Sociedades Bíblicas Unidas
260 _aBogotá: Sociedades Bíblicas Unidas
300 _a32 P.
650 1 4 _aHistorias bíblicas
942 _cLGB